[Event "Lippe Cup-C 08th"]
[Site "Lieme"]
[Date "2011.10.29"]
[Round "3"]
[White "Chalkhajav, Temuujin"]
[Black "Schaefer, Noel"]
[Result "1/2-1/2"]
[WhiteElo "1093"]
[BlackElo "1296"]
[PlyCount "109"]
[EventDate "2011.10.28"]
[EventType "swiss"]
[EventRounds "5"]
[EventCountry "GER"]
[SourceTitle "EXT 2012"]
[Source "ChessBase"]
[SourceDate "2011.11.24"]
[SourceVersion "1"]
[SourceVersionDate "2011.11.24"]
[SourceQuality "1"]

1. e4 c5 2. Nf3 g6 3. d4 Bg7 4. Bc4 Nc6 5. dxc5 Qa5+ 6. Nfd2 Qxc5 7. 0-0 Nf6 8. Nc3 Qa5 9. Nf3 d6 10. Ng5 0-0 11. Nd5 Nxd5 12. exd5 Ne5 13. Bd3 Nxd3 14. Qxd3 Bf5 15. Qd2 Qxd2 16. Bxd2 Bxc2 17. Bc3 Bxc3 18. bxc3 h6 19. Nf3 Be4 20. Rad1 Bxf3 21. gxf3 Rac8 22. Rfe1 Rfe8 23. Rc1 e6 24. dxe6 Rxe6 25. Rxe6 fxe6 26. Kf1 Kf7 27. Ke2 b5 28. a3 Kf6 29. Ke3 Rc4 30. Kd3 Kf5 31. Rb1 Rc5 32. Re1 Rd5+ 33. Kc2 Re5 34. Rd1 Re2+ 35. Kb3 Rxf2 36. Rxd6 Rxf3 37. Ra6 e5 38. Rxa7 e4 39. Re7 e3 40. Kc2 Kg4 41. Kd3 g5 42. Re5 e2+ 43. Kxe2 Rxc3 44. Rxb5 Rxa3 45. Kf2 Ra2+ 46. Kg1 Kf3 47. Rb3+ Kg4 48. Rb4+ Kh5 49. h3 Ra5 50. Kg2 Rf5 51. Kg3 Rf4 52. Rxf4 gxf4+ 53. Kxf4 Kh4 54. Kf5 h5 55. Kg6 1/2-1/2